[Event "SRB-chT"]
[Site "Valjevo"]
[Date "2018.09.02"]
[Round "3.2"]
[White "Vucinic, Gojko"]
[Black "Radlovacki, Jovan"]
[Result "1/2-1/2"]
[WhiteElo "2411"]
[BlackElo "2300"]
[PlyCount "119"]
[EventDate "2018.08.31"]
[EventType "team-tourn"]
[EventRounds "11"]
[EventCountry "SRB"]
[SourceTitle "CBM 186 Extra"]
[Source "ChessBase"]
[SourceDate "2018.08.24"]
[SourceVersion "1"]
[SourceVersionDate "2018.08.24"]
[SourceQuality "1"]
[WhiteTeam "Belgrade Itaka"]
[BlackTeam "Kac Jugovic"]
[WhiteTeamCountry "SRB"]
[BlackTeamCountry "SRB"]

1. e4 c6 2. d4 d5 3. e5 c5 4. dxc5 e6 5. a3 Bxc5 6. b4 Bb6 7. Nf3 a5 8. Bb2 axb4 9. axb4 Rxa1 10. Bxa1 Ne7 11. c4 dxc4 12. Qxd8+ Bxd8 13. Na3 Nd5 14. Nxc4 Be7 15. b5 Bb4+ 16. Kd1 0-0 17. Kc2 Nd7 18. Nd4 Be1 19. f3 Bf2 20. Nb3 N7b6 21. Bd4 Bxd4 22. Nxd4 Rd8 23. g3 Bd7 24. Nd6 Ra8 25. Kb3 Ra1 26. Bg2 Ra4 27. Nc2 Ra5 28. Bf1 Ra7 29. Bd3 Nc8 30. Nxc8 Bxc8 31. Be4 Nb6 32. Rd1 Nd7 33. Na3 f5 34. exf6 gxf6 35. Rc1 Ra8 36. f4 Kf8 37. Kb4 Ke7 38. Nc4 f5 39. Bf3 Ra2 40. Na5 Rb2+ 41. Nb3 Kd8 42. h4 e5 43. fxe5 Nxe5 44. Rd1+ Ke7 45. Bd5 b6 46. Kc3 Rh2 47. Kd4 Kd6 48. Ke3 Ng4+ 49. Kf4 Nf2 50. Rd4 Nh3+ 51. Ke3 Ke5 52. Nd2 Re2+ 53. Kxe2 Kxd4 54. Bc6 f4 55. Kf3 fxg3 56. Kxg3 Ng1 57. Kf2 Nh3+ 58. Kg3 Ng1 59. Kf4 h6 60. Ne4 1/2-1/2

[Event "SRB-chT"]
[Site "Valjevo"]
[Date "2018.09.01"]
[Round "2.6"]
[White "Omorjan, Dejan"]
[Black "Vucinic, Gojko"]
[Result "1-0"]
[WhiteElo "2260"]
[BlackElo "2411"]
[PlyCount "65"]
[EventDate "2018.08.31"]
[EventType "team-tourn"]
[EventRounds "11"]
[EventCountry "SRB"]
[SourceTitle "CBM 186 Extra"]
[Source "ChessBase"]
[SourceDate "2018.08.24"]
[SourceVersion "1"]
[SourceVersionDate "2018.08.24"]
[SourceQuality "1"]
[WhiteTeam "Novi Sad"]
[BlackTeam "Belgrade Itaka"]
[WhiteTeamCountry "SRB"]
[BlackTeamCountry "SRB"]

1. e4 c5 2. c3 g6 3. d4 d5 4. exd5 Qxd5 5. Nf3 Bg7 6. Na3 Nf6 7. Bc4 Qe4+ 8. Be3 0-0 9. 0-0 cxd4 10. Bxd4 Bg4 11. Bxf6 Bxf6 12. Bd5 Bxf3 13. Bxe4 Bxd1 14. Bxb7 Be2 15. Rfe1 Nd7 16. Bxa8 Ba6 17. Bd5 Ne5 18. Re3 Rb8 19. Bb3 Nd7 20. Bc4 Bc8 21. Re2 Ne5 22. Bb3 Bf5 23. Rd1 Kg7 24. Red2 a5 25. h3 e6 26. f4 Nc6 27. Ba4 Rc8 28. Nb5 Be7 29. Nd6 Bxd6 30. Rxd6 Ne7 31. Ra6 Nd5 32. Rd4 Rc5 33. Rc6 1-0

[Event "Senta op 22nd"]
[Site "Senta"]
[Date "2018.07.16"]
[Round "4"]
[White "Vucinic, Gojko"]
[Black "Pratyusha, Bodda"]
[Result "1-0"]
[WhiteElo "2408"]
[BlackElo "2244"]
[PlyCount "81"]
[EventDate "2018.07.14"]
[EventType "swiss"]
[EventRounds "9"]
[EventCountry "SRB"]
[SourceTitle "CBM 185 Extra"]
[Source "ChessBase"]
[SourceDate "2018.07.29"]
[SourceVersion "1"]
[SourceVersionDate "2018.07.29"]
[SourceQuality "1"]

1. e4 e5 2. Nf3 Nc6 3. Bb5 a6 4. Ba4 Nf6 5. 0-0 Nxe4 6. d4 b5 7. Bb3 d5 8. dxe5 Be6 9. Qe2 Be7 10. Rd1 0-0 11. c4 bxc4 12. Bxc4 Bc5 13. Be3 Bxe3 14. Qxe3 Qb8 15. Bb3 Qa7 16. Qxa7 Rxa7 17. Nbd2 Rb8 18. Rac1 Nb4 19. Nxe4 dxe4 20. Bxe6 fxe6 21. Ng5 Nd3 22. Rc2 Nxe5 23. Nxe6 Rab7 24. b3 Rb6 25. Ng5 e3 26. fxe3 Ng4 27. Re1 Rg6 28. Nf3 Re8 29. e4 Re7 30. e5 Rge6 31. Rc5 Nh6 32. Nd4 Rg6 33. e6 Kf8 34. Rc6 Rg4 35. Nf3 a5 36. Ne5 Rd4 37. Nd7+ Ke8 38. Ra6 Rxe6 39. Raxe6+ Kxd7 40. Re7+ Kc6 41. Rxg7 1-0